Reversing the tide (Record no. 56543)
[ view plain ]
| 000 -LEADER | |
|---|---|
| fixed length control field | 01296nam a2200325Ia 4500 |
| 082 04 - DEWEY DECIMAL CLASSIFICATION NUMBER | |
| Classification number | 362.196/9792/00958 |
| 245 00 - TITLE STATEMENT | |
| Title | Reversing the tide |
| 260 ## - PUBLICATION, DISTRIBUTION, ETC. (IMPRINT) | |
| Place of publication | Washington, DC : |
| Name of publisher | World Bank, |
| Year of publication | 2005. |
| 300 ## - PHYSICAL DESCRIPTION | |
| Number of Pages | xx, 186 p. |
| 490 1# - SERIES STATEMENT | |
| Series statement | World Bank working paper ; |
| 650 #0 - SUBJECT ADDED ENTRY--TOPICAL TERM | |
| Topical Term | HIV infections |
| Topical Term | AIDS (Disease) |
| 700 1# - ADDED ENTRY--PERSONAL NAME | |
| Personal name | Godinho, Joana, |
| 856 40 - ELECTRONIC LOCATION AND ACCESS | |
| Uniform Resource Identifier | http://site.ebrary.com/lib/rucke/Doc?id=10082372 |
No items available.
